01559nam a22002777a 450000500170000000800410001702000170005804000250007504100080010004400070010808200160011510000450013124501710017626000340034730000480038149000490042950400370047850501330051565000560064865000520070465000530075694200180080999900170082795202260084495202110107020160213020003.0150624b2015 ck ||||| |||| 00| 0 spa d a979588848954 aCO-BoIAVHcCO-BoIAVH0 aspa ack 4a577.7bG56a1 aGómez-Cubillos, Martha Catalina9335001 aÁreas de arrecifes de coral, pastos marinos, playas de arena y manglares con potencial de restauración en ColombiacGómez-Cubillos, Martha Catalina... [et. al.]3 aSanta Marta:bInvemar,c2015. a69 p.bmap., fot., col., il., graf.c28 cm. aSerie de publicaciones generales invemarv69 aIncluye bibliografía p. 66-67. aPt. 1 Presentación. Pt. 2 Agradecimientos. Pt. 3 Introducción. Pt. 4 Metodología. Pt. 5 Resultados. Pt. 6 Bibliografía. 4aArrecifes de coralxRestauraciónzColombia934769 4aPastos marinosxRestauraciónzColombia934770 4aPlayas de arenaxRestauraciónzColombia934771 2ddccLIBRO01 c17474d17474 00102ddc40708GENERALIINV2017aBogotabBogotad2015-06-24eInstitutog39000.00l1oLB-577.7 G56ap039091r2016-02-12 00:00:00s2016-02-12tEj. 1w2015-06-24xDonaciónyLIBROzIncluye CD-ROM con Anexos (Cod. 039092). 00102ddc40708GENERALIINV2017aVenadobVenadod2016-06-17eInstitutog39000.00l0oLB-577.7 G56ap040465r2016-06-17 00:00:00tEj. 2w2016-06-17xDonacionyLIBROzIncluye CD-ROM con Anexos (CID-040466).